000
00193 a2200097 4500
001
23657
100
_a
Scholar
245
_a
Iqbal as a thinker
260
_a
_b
Ashraf
_c
090
_c
16037
_d
16037
942
_a
NUST-CAE
_c
M
_c
6711
999
_c
258730
_d
258730